Normal view
MARC view
- تأليف: الزيدي،مصعب حمادي
Entry Personal Name
001 - CONTROL NUMBER
- control field: 60164
003 - CONTROL NUMBER IDENTIFIER
- control field: JO-AjAnu
005 - DATE AND TIME OF LATEST TRANSACTION
- control field: 20230606083832.0
008 - FIXED-LENGTH DATA ELEMENTS
- fixed length control field: 230606|| aca||aabn | a|a d
040 ## - CATALOGING SOURCE
- Original cataloging agency: JO-AjAnu
- Transcribing agency: JO-AjAnu
100 ## - HEADING--PERSONAL NAME
- Personal name: تأليف: الزيدي،مصعب حمادي
670 ## - SOURCE DATA FOUND
- Source citation: Work cat.: (JO-AjAnu)30683: تأليف: الزيدي،مصعب حمادي, author, الغزو الفرنجي للمشرق الاسلامي حتى نهاية القرن الثالث عشر الميلادي